[Event "Bogota AlphaZero op"]
[Site "Bogota"]
[Date "2018.08.20"]
[Round "7"]
[White "Solorzano Roldan, Orlando"]
[Black "Ruiz Cruz, Cesar Augusto"]
[Result "0-1"]
[WhiteElo "1455"]
[BlackElo "1814"]
[PlyCount "32"]
[EventDate "2018.08.17"]
[EventType "swiss"]
[EventRounds "7"]
[EventCountry "COL"]
[SourceTitle "CBM 186 Extra"]
[Source "ChessBase"]
[SourceDate "2018.08.24"]
[SourceVersion "1"]
[SourceVersionDate "2018.08.24"]
[SourceQuality "1"]

1. e4 c5 2. Nf3 d6 3. d4 cxd4 4. Nxd4 Nf6 5. Nc3 g6 6. Bb5+ Bd7 7. 0-0 Nc6 8. Re1 Bg7 9. f4 0-0 10. a4 Nxd4 11. Qxd4 Ng4 12. Qd5 Qb6+ 13. Kh1 Nf2+ 14. Kg1 Nh3+ 15. Kh1 Qg1+ 16. Rxg1 Nf2# 0-1

[Event "Bogota Navidad op"]
[Site "Bogota"]
[Date "2016.12.07"]
[Round "1"]
[White "Torres, Carlos Arturo"]
[Black "Solorzano Roldan, Orlando"]
[Result "1-0"]
[WhiteElo "1850"]
[BlackElo "1492"]
[PlyCount "45"]
[EventDate "2016.12.07"]
[EventType "swiss"]
[EventRounds "9"]
[EventCountry "COL"]
[SourceTitle "CBM 176 Extra"]
[Source "ChessBase"]
[SourceDate "2017.03.02"]
[SourceVersion "1"]
[SourceVersionDate "2017.03.02"]
[SourceQuality "1"]

1. e4 e5 2. Nf3 Nc6 3. Bb5 a6 4. Ba4 b5 5. Bb3 d6 6. c3 h6 7. a4 b4 8. cxb4 Nxb4 9. d4 exd4 10. Nxd4 c5 11. Nf3 a5 12. Nc3 Nf6 13. e5 Qe7 14. 0-0 dxe5 15. Nxe5 Be6 16. Bxe6 fxe6 17. Ng6 Rd8 18. Qf3 Rd3 19. Be3 Qf7 20. Nxh8 Qg8 21. Ng6 Nc2 22. Qc6+ Kf7 23. Ne5+ 1-0